000 00308nam a22001217a 4500
050 _aDT433.54
_b.M9
100 _aMwanzi, Henry A.
245 _aA history of the Kipsigis/
260 _aNairobi
_bEast African Literature Bureau
_c1977
300 _axv,171p.
650 _bA history of the Kipsigis
942 _cGEN
999 _c3528
_d3528